书目信息 |
| 题名: |
电路理论学习与考研指导
|
|
| 作者: | 马世豪 , 徐国洪 , 张波 编著 | |
| 分册: | ||
| 出版信息: | 北京 科学出版社 2007.09 |
|
| 页数: | 381页 | |
| 开本: | 24cm | |
| 丛书名: | ||
| 单 册: | ||
| 中图分类: | TM13 | |
| 科图分类: | ||
| 主题词: | 电路理论--dian lu li lun--研究生--入学考试--自学参考资料 | |
| 电子资源: | ||
| ISBN: | 978-7-03-019920-1 | |
| 000 | 01009nam0 2200265 450 | |
| 001 | 012007531452 | |
| 005 | 20071108173946.15 | |
| 010 | @a978-7-03-019920-1@dCNY29.00 | |
| 100 | @a20071108d2007 km y0chi0120 ea | |
| 101 | 0 | @achi |
| 102 | @aCN@b110000 | |
| 105 | @aa z 000yy | |
| 106 | @ar | |
| 200 | 1 | @a电路理论学习与考研指导@Adian lu li lun xue xi yu kao yan zhi dao@f马世豪, 徐国洪, 张波编著@Fma shi hao,xu guo hong,zhang bo bian zhu |
| 210 | @a北京@c科学出版社@d2007.09 | |
| 215 | @a381页@c图@d24cm | |
| 300 | @a高等院校教材 | |
| 330 | @a本书每章内容由四部分组成,即内容要点、目标要求、重点难点内容和习题详解。本书特点是,每章知识目标要求明确,重点突出,难点分明,叙述流畅,深入浅出,习题解答过程图文并茂,详尽易懂。 | |
| 606 | 0 | @a电路理论@Adian lu li lun@x研究生@x入学考试@j自学参考资料 |
| 690 | @aTM13@v4 | |
| 701 | 0 | @a马世豪@Ama shi hao@4编著 |
| 701 | 0 | @a徐国洪@Axu guo hong@4编著 |
| 701 | 0 | @a张波@Azhang bo@4编著 |
| 801 | 0 | @aCN@b@c20071108 |
| 905 | @b267142-44@dTM13@eM163@f3 | |
| 电路理论学习与考研指导/马世豪, 徐国洪, 张波编著.-北京:科学出版社,2007.09 |
| 381页:图;24cm |
| 高等院校教材 |
| ISBN 978-7-03-019920-1:CNY29.00 |
| 本书每章内容由四部分组成,即内容要点、目标要求、重点难点内容和习题详解。本书特点是,每章知识目标要求明确,重点突出,难点分明,叙述流畅,深入浅出,习题解答过程图文并茂,详尽易懂。 |
| ● |
| 相关链接 |
|
|
|
正题名:电路理论学习与考研指导
索取号:TM13/M163
 
预约/预借
| 序号 | 登录号 | 条形码 | 馆藏地/架位号 | 状态 | 备注 |
| 1 | 267142 | 202671420 | 自科库301/301自科库 8排2列5层/ [索取号:TM13/M163] | 在馆 | |
| 2 | 267143 | 202671439 | 自科库301/301自科库 8排1列5层/ [索取号:TM13/M163] | 在馆 | |
| 3 | 267144 | 202671448 | 自科库301/301自科库 8排1列5层/ [索取号:TM13/M163] | 在馆 |